Workshop processes, practices and materials / (Record no. 21004)
[ view plain ]
| 000 -LEADER | |
|---|---|
| fixed length control field | 00804cam a22002535a 4500 |
| 001 - CONTROL NUMBER | |
| control field | 18287907 |
| 005 - DATE AND TIME OF LATEST TRANSACTION | |
| control field | 20170209152635.0 |
| 008 - FIXED-LENGTH DATA ELEMENTS--GENERAL INFORMATION | |
| fixed length control field | 140903s2015 enka fr 001 0 eng d |
| 020 ## - INTERNATIONAL STANDARD BOOK NUMBER | |
| International Standard Book Number | 9781138784727 |
| 040 ## - CATALOGING SOURCE | |
| Original cataloging agency | DLC |
| Language of cataloging | eng |
| Transcribing agency | DLC |
| Modifying agency | DLC |
| -- | EG-ScBUE |
| 082 04 - DEWEY DECIMAL CLASSIFICATION NUMBER | |
| Edition number | 22 |
| Classification number | 670.423 |
| Item number | BLA |
| 100 1# - MAIN ENTRY--PERSONAL NAME | |
| Personal name | Black, Bruce J. |
| 9 (RLIN) | 9048 |
| 245 10 - TITLE STATEMENT | |
| Title | Workshop processes, practices and materials / |
| Statement of responsibility, etc | Bruce J. Black. |
| 246 3# - VARYING FORM OF TITLE | |
| Title proper/short title | Workshop processes, practices, & materials |
| 250 ## - EDITION STATEMENT | |
| Edition statement | 5th ed. |
| 260 ## - PUBLICATION, DISTRIBUTION, ETC. (IMPRINT) | |
| Place of publication, distribution, etc | Oxon ; |
| -- | New York : |
| Name of publisher, distributor, etc | Routledge / Taylor & Francis Group, |
| Date of publication, distribution, etc | 2015. |
| 300 ## - PHYSICAL DESCRIPTION | |
| Extent | ix, 328 p. : |
| Other physical details | ill. ; |
| Dimensions | 25 cm. |
| 500 ## - GENERAL NOTE | |
| General note | Index : p. 319-328. |
| 650 #7 - SUBJECT ADDED ENTRY--TOPICAL TERM | |
| Topical term or geographic name as entry element | Machine-shop practice. |
| Source of heading or term | BUEsh |
| 9 (RLIN) | 5664 |
| 651 ## - SUBJECT ADDED ENTRY--GEOGRAPHIC NAME | |
| Source of heading or term | BUEsh |
| 653 ## - INDEX TERM--UNCONTROLLED | |
| Resource For college | Engineering, Mechanical |
| Arrived date list | November2015 |
| -- | February2017 |
| 655 ## - INDEX TERM--GENRE/FORM | |
| Form subdivision | Text book |
| -- | 33728 |
| 942 ## - ADDED ENTRY ELEMENTS (KOHA) | |
| Source of classification or shelving scheme | Dewey Decimal Classification |
| Withdrawn status | Item status | Source of classification or shelving scheme | Damaged status | Not for loan | Vendor | Home library | Current library | Shelving location | Date acquired | Source of acquisition | Total Checkouts | Full call number | Barcode | Date last seen | Koha item type | Total Renewals | Date last borrowed |
|---|---|---|---|---|---|---|---|---|---|---|---|---|---|---|---|---|---|
| Dewey Decimal Classification | Baccah | Central Library | Central Library | First floor | 01/11/2015 | Purchase | 670.423 BLA | 000031240 | 15/07/2025 | NB - Book (Non borrowing) | |||||||
| Dewey Decimal Classification | Baccah | Central Library | Central Library | First floor | 01/11/2015 | Purchase | 2 | 670.423 BLA | 000031239 | 15/07/2025 | Book - Borrowing | 11 | 16/04/2016 | ||||
| Dewey Decimal Classification | Baccah | Central Library | Central Library | First floor | 01/11/2015 | Purchase | 1 | 670.423 BLA | 000031238 | 15/07/2025 | Book - Borrowing | 1 | 16/04/2016 | ||||
| Dewey Decimal Classification | Baccah | Central Library | Central Library | First floor | 01/11/2015 | Purchase | 2 | 670.423 BLA | 000031237 | 15/07/2025 | Book - Borrowing | 15 | 10/12/2023 | ||||
| Dewey Decimal Classification | Baccah | Central Library | Central Library | First floor | 09/02/2017 | Purchase | 670.423 BLA | 000041161 | 15/07/2025 | NB - Book (Non borrowing) |